|
|
|
|
| LEADER |
00951nam a2200253 a 4500 |
| 001 |
3975840 |
| 008 |
10010719961994ii b 001 0 eng d |
| 010 |
|
|
|a 94903770
|
| 020 |
|
|
|a 8125901523
|
| 020 |
|
|
|a 0706976185
|
| 040 |
|
|
|a DLC
|c DLC
|d BD-DhAAL
|
| 082 |
0 |
0 |
|a 305.42/0954
|2 20
|
| 100 |
1 |
|
|a Devendra, Kiran.
|
| 245 |
1 |
0 |
|a Changing status of women in India /
|c Kiran Devendra.
|
| 250 |
|
|
|a 3rd rev. ed.
|
| 260 |
|
|
|a New Delhi :
|b Vikas Pub. House,
|c 1994.[Reprinted 2006]
|
| 300 |
|
|
|a xx, 234 p. ;
|c 23 cm.
|
| 504 |
|
|
|a Includes bibliographical references (p. [219]-227) and index.
|
| 541 |
1 |
|
|e 00005878
|
| 650 |
|
0 |
|a Women
|z India
|x Social conditions.
|
| 650 |
|
0 |
|a Women
|x Legal status, laws, etc.
|z India.
|
| 852 |
4 |
|
|a Ayesha Abed Library
|j General shelf
|
| 999 |
|
|
|c 6774
|d 6774
|
| 952 |
|
|
|0 0
|1 0
|2 ddc
|4 0
|6 305_420954000000000_DEV_1994
|7 0
|9 6962
|a BRACUL
|b BRACUL
|c GEN
|d 2010-01-07
|l 1
|m 1
|o 305.420954 DEV
|p 3010005878
|r 2011-02-15
|s 2011-01-10
|t 1
|w 2010-01-07
|y BK
|